[Event "?"]
[Site "?"]
[Date "2004.03.22"]
[Round "2.12"]
[White "Calzetta Ruiz, M."]
[Black "Gaponenko, I."]
[Result "1/2-1/2"]
[WhiteElo "2291"]
[BlackElo "2430"]
[PlyCount "110"]
[EventDate "2004.??.??"]

1. e4 c5 2. Nf3 Nc6 3. d4 cxd4 4. Nxd4 Nf6 5. Nc3 d6 6. Bg5 e6 7. Qd2 a6 8.
O-O-O Bd7 9. f3 Be7 10. Be3 h5 11. h3 Qc7 12. f4 Nxd4 13. Bxd4 e5 14. Be3 Bc6
15. Bd3 b5 16. Rhe1 b4 17. Nd5 Nxd5 18. exd5 Bxd5 19. Kb1 Kf8 20. fxe5 dxe5 21.
Bf5 Bc6 22. Qf2 Kg8 23. Bb6 Qb8 24. Rd3 Rh6 25. Bc5 Bxc5 26. Qxc5 Rf6 27. g4 g6
28. Bd7 Bxd7 29. Rxd7 Qb5 30. Qxb5 axb5 31. gxh5 gxh5 32. Rd5 Re8 33. Rxb5 Rf4
34. b3 f6 35. Rb7 Kf8 36. Rh7 Re7 37. Rxh5 Rc7 38. Rg1 Rg7 39. Rd1 Ke7 40. Rh8
Rg2 41. Rhd8 Rff2 42. Rc8 Ke6 43. Rc6+ Kf5 44. Kb2 Rh2 45. Rdd6 Kg5 46. Rc4 f5
47. Rb6 e4 48. Rbxb4 e3 49. Rb5 e2 50. Re5 Kf6 51. Re8 Rxh3 52. Rc6+ Kg5 53.
Rd6 Rhh2 54. a4 f4 55. a5 f3 1/2-1/2

[Event "?"]
[Site "?"]
[Date "2004.03.22"]
[Round "2.13"]
[White "Danielian, E."]
[Black "Calotescu, A."]
[Result "1/2-1/2"]
[WhiteElo "2428"]
[BlackElo "2290"]
[PlyCount "123"]
[EventDate "2004.??.??"]

1. d4 Nf6 2. g3 g6 3. Bg2 Bg7 4. e4 d6 5. Ne2 O-O 6. O-O c5 7. dxc5 dxc5 8. e5
Ng4 9. f4 Qb6 10. Nbc3 Be6 11. Nd5 Bxd5 12. Qxd5 Nc6 13. Qf3 Nh6 14. Nc3 Nf5
15. Nd5 Qa5 16. Qf2 e6 17. Ne3 Nxe3 18. Bxe3 Rfd8 19. c3 c4 20. Bd4 Rd7 21. Qe2
Qa4 22. Bf2 Qa6 23. b4 Ne7 24. Rfb1 Nd5 25. Bd4 Bf8 26. a3 Rad8 27. Be4 b6 28.
Rf1 Qc8 29. Rf2 Qc7 30. h4 a5 31. bxa5 bxa5 32. a4 Bc5 33. Rc1 Bxd4 34. cxd4
Nb6 35. h5 Rxd4 36. hxg6 fxg6 37. Bb1 Qd7 38. Ba2 Qxa4 39. Qg4 Qd7 40. Rb2 Rd1+
41. Rxd1 Qxd1+ 42. Qxd1 Rxd1+ 43. Kf2 c3 44. Bxe6+ Kf8 45. Rc2 Rd3 46. g4 a4
47. f5 a3 48. Ke2 Rh3 49. f6 Na4 50. Ba2 Nc5 51. e6 Ne4 52. g5 Nc5 53. e7+ Ke8
54. Bd5 Nd7 55. Ra2 Rh2+ 56. Kd3 Rxa2 57. Bxa2 h6 58. gxh6 Nxf6 59. Kxc3 Kxe7
60. Kb3 g5 61. Bb1 g4 62. h7 1/2-1/2

[Event "?"]
[Site "?"]
[Date "2004.03.22"]
[Round "2.14"]
[White "Dragomirescu, A."]
[Black "Kosintseva, N."]
[Result "0-1"]
[WhiteElo "2288"]
[BlackElo "2425"]
[PlyCount "146"]
[EventDate "2004.??.??"]

1. d4 Nf6 2. c4 e6 3. g3 d5 4. Nf3 dxc4 5. Bg2 Bb4+ 6. Bd2 a5 7. Bxb4 axb4 8.
Ne5 O-O 9. O-O Nc6 10. Nxc6 bxc6 11. Bxc6 Ra6 12. Bf3 Rd6 13. Qa4 Rb6 14. e3 e5
15. Nd2 Ba6 16. Rfc1 exd4 17. Nxc4 Bxc4 18. Rxc4 dxe3 19. fxe3 Qe7 20. Re1 c5
21. Qc2 Nd7 22. Be4 g6 23. Bg2 Ne5 24. Rf4 Rd8 25. Rd1 Rbd6 26. Rxd6 Qxd6 27.
Bf1 Qd5 28. Bc4 Qd1+ 29. Qxd1 Rxd1+ 30. Bf1 c4 31. Rf2 c3 32. bxc3 bxc3 33. Rc2
Rd2 34. Rxd2 cxd2 35. Be2 Nc4 36. a4 Kf8 37. Kf2 Nb2 38. a5 d1=Q 39. Bxd1 Nxd1+
40. Ke2 Nc3+ 41. Kd3 Nd5 42. Kd4 Nc7 43. Kc5 Ke7 44. Kc6 Kd8 45. Kd6 Ne8+ 46.
Kc6 Nc7 47. Kd6 Na6 48. Kc6 f5 49. Kb6 Nc7 50. Kc6 Na6 51. Kb6 Nb8 52. a6 Nxa6
53. Kxa6 Ke7 54. Kb5 Kd6 55. Kc4 Ke5 56. Kd3 g5 57. h4 g4 58. h5 h6 59. Ke2 Ke6
60. Kd3 Kd5 61. Kd2 Kd6 62. Kd3 Ke5 63. Kd2 Kf6 64. Kd3 Kg5 65. Kd4 Kxh5 66. e4
fxe4 67. Kxe4 Kg5 68. Ke5 h5 69. Ke4 h4 70. Ke3 h3 71. Kf2 Kf5 72. Kg1 Ke4 73.
Kf2 Kd3 0-1

[Event "?"]
[Site "?"]
[Date "2004.03.22"]
[Round "2.15"]
[White "Peng, Z."]
[Black "Malysheva, P."]
[Result "1-0"]
[WhiteElo "2419"]
[BlackElo "2281"]
[PlyCount "87"]
[EventDate "2004.??.??"]

1. d4 d5 2. c4 e6 3. Nf3 c6 4. Nbd2 Nf6 5. e3 c5 6. b3 Nc6 7. Bb2 Be7 8. Bd3
O-O 9. O-O b6 10. Rc1 Bb7 11. Qe2 Rc8 12. Rfd1 Rc7 13. dxc5 Bxc5 14. a3 a5 15.
cxd5 Nxd5 16. Ne4 Be7 17. Nc3 Rd7 18. Nxd5 Rxd5 19. Qc2 h6 20. Bh7+ Kh8 21. Be4
Rxd1+ 22. Rxd1 Qa8 23. Rd7 Rc8 24. Qb1 Re8 25. Ne5 Nxe5 26. Rxb7 Bf6 27. Rxb6
Qd8 28. Rb5 Qd2 29. Bxe5 Bxe5 30. g3 Bd6 31. Qd3 Qc1+ 32. Kg2 Qxa3 33. Qc3 Bb4
34. Qc6 Rf8 35. Bc2 Qb2 36. Rb7 Qe5 37. Re7 g6 38. Bd3 Kg7 39. Bc4 Kh8 40. Rd7
Qf6 41. Qc7 Be1 42. f4 Bb4 43. e4 g5 44. e5 1-0

[Event "?"]
[Site "?"]
[Date "2004.03.22"]
[Round "2.16"]
[White "Chasovnikova, E."]
[Black "Socko, M."]
[Result "1-0"]
[WhiteElo "2277"]
[BlackElo "2415"]
[PlyCount "155"]
[EventDate "2004.??.??"]

1. e4 e6 2. d4 d5 3. Nd2 Nf6 4. e5 Nfd7 5. Bd3 c5 6. c3 Nc6 7. Ne2 Qb6 8. Nf3
cxd4 9. cxd4 f6 10. Nf4 Ndxe5 11. dxe5 Bb4+ 12. Kf1 fxe5 13. Ng5 exf4 14. Qh5+
g6 15. Bxg6+ Kd7 16. Bxf4 Qd4 17. Qg4 Qc4+ 18. Kg1 Nd4 19. Bh5 Rf8 20. Be3 Nf5
21. Nxh7 Qxg4 22. Nxf8+ Bxf8 23. Bxg4 Nxe3 24. fxe3 Bh6 25. Kf2 Kd6 26. Rad1
Bd7 27. e4 Rf8+ 28. Bf3 Bc6 29. Rhe1 Bf4 30. Kg1 Be5 31. exd5 exd5 32. Re2 Rf5
33. b3 Bc3 34. h4 Bb5 35. Rc2 Ba5 36. a4 Be8 37. Rc8 Bf7 38. Rf8 Bb6+ 39. Kh2
d4 40. b4 Ke7 41. Rc8 a5 42. b5 Bb3 43. Re1+ Kf7 44. Bd1 Bd5 45. Be2 Be6 46.
Bc4 Bxc4 47. Rxc4 Rf2 48. Kh3 Ra2 49. Rd1 Ra3+ 50. g3 d3 51. h5 Kg7 52. Re4 Bc5
53. Kh4 Bb4 54. Rg4+ Kh7 55. Rd4 d2 56. R1xd2 Bxd2 57. Rxd2 Rxa4+ 58. g4 Rb4
59. Rd7+ Kh6 60. Rxb7 a4 61. Rb6+ Kh7 62. Ra6 Rxb5 63. Rxa4 Rc5 64. g5 Rc1 65.
Ra7+ Kg8 66. h6 Rc4+ 67. Kh5 Rc5 68. Re7 Ra5 69. Kg6 Ra6+ 70. Kf5 Ra5+ 71. Kf6
Ra8 72. g6 Rb8 73. Kf5 Ra8 74. Re5 Rf8+ 75. Kg5 Ra8 76. h7+ Kg7 77. Re7+ Kh8
78. Kh6 1-0

[Event "?"]
[Site "?"]
[Date "2004.03.22"]
[Round "2.17"]
[White "Khurtsidze, N."]
[Black "Papadopoulou, V."]
[Result "1/2-1/2"]
[WhiteElo "2411"]
[BlackElo "2247"]
[PlyCount "83"]
[EventDate "2004.??.??"]

1. d4 Nf6 2. c4 c5 3. d5 b5 4. cxb5 a6 5. b6 d6 6. Nc3 g6 7. e4 Nbd7 8. a4 Qxb6
9. Nf3 Bg7 10. Be2 O-O 11. Nd2 Qc7 12. a5 Ne8 13. O-O Rb8 14. f4 Ndf6 15. Nc4
Rb4 16. h3 e6 17. Bd2 exd5 18. Nxd5 Nxd5 19. exd5 Rb8 20. Bc3 Nf6 21. Nxd6 Rd8
22. Nxc8 Qxc8 23. d6 Ne4 24. Bxg7 Kxg7 25. Qd3 Nxd6 26. Qxa6 Qe6 27. Qd3 Ne4
28. Qc4 Qxc4 29. Bxc4 Rxb2 30. Rfd1 Rxd1+ 31. Rxd1 Nd2 32. Rc1 Nxc4 33. Rxc4
Rb5 34. Ra4 c4 35. Kf2 c3 36. Ke2 Rd5 37. a6 c2 38. Ra1 Rd7 39. g4 h6 40. h4
Kh7 41. Rc1 Ra7 42. Rxc2 1/2-1/2

[Event "?"]
[Site "?"]
[Date "2004.03.22"]
[Round "2.18"]
[White "Tsiganova, M."]
[Black "Zimina, O."]
[Result "1-0"]
[WhiteElo "2269"]
[BlackElo "2408"]
[PlyCount "89"]
[EventDate "2004.??.??"]

1. d4 Nf6 2. c4 d6 3. Nf3 Nbd7 4. Nc3 c6 5. e4 e5 6. Be2 Be7 7. O-O O-O 8. Qc2
a6 9. a4 a5 10. Rd1 Qc7 11. h3 Re8 12. Be3 Bf8 13. Rac1 g6 14. Nh2 Bg7 15. c5
exd4 16. cxd6 Qxd6 17. Bxd4 Qe7 18. Bc4 Ne5 19. Bf1 Bh6 20. Rb1 c5 21. Bxe5
Qxe5 22. Bb5 Rf8 23. Nf3 Qf4 24. e5 Bxh3 25. gxh3 Qxf3 26. exf6 Qxh3 27. Qd3
Qh4 28. Qf3 Bf4 29. Ne4 Rad8 30. b3 Rd4 31. Rxd4 cxd4 32. Rd1 Rc8 33. Bc4 Rd8
34. Rd3 h5 35. Qg2 Qg4 36. Qxg4 hxg4 37. Rd1 b6 38. Kf1 Rd7 39. Ke2 g3 40. fxg3
Be3 41. Kd3 Rd8 42. g4 Rd7 43. Rh1 Rd8 44. g5 Rd7 45. Rh6 1-0

[Event "?"]
[Site "?"]
[Date "2004.03.22"]
[Round "2.19"]
[White "Nill, J."]
[Black "Paehtz, E."]
[Result "0-1"]
[WhiteElo "2246"]
[BlackElo "2399"]
[PlyCount "124"]
[EventDate "2004.??.??"]

1. d4 Nf6 2. c4 g6 3. Nc3 Bg7 4. e4 d6 5. Nf3 O-O 6. Be2 e5 7. O-O Na6 8. dxe5
dxe5 9. Qc2 Qe8 10. Nd5 Nh5 11. c5 c6 12. Ne3 Qe7 13. Bxa6 bxa6 14. Nc4 Bg4 15.
Ne1 Qxc5 16. Be3 Qb5 17. a4 Qb8 18. f3 Bc8 19. Na5 Nf4 20. Nxc6 Qc7 21. Rc1 Bb7
22. g3 Ne6 23. b4 Rfc8 24. Na5 Qe7 25. Qb2 Rxc1 26. Bxc1 Rd8 27. Nc2 Ba8 28.
Ne3 Nd4 29. Kg2 f5 30. exf5 gxf5 31. Qb1 Kh8 32. Nxf5 Nxf5 33. Qxf5 Qxb4 34.
Bh6 Qxa5 35. Bxg7+ Kxg7 36. Qg5+ Kf7 37. Qf5+ Ke7 38. Qxh7+ Kd6 39. Qh6+ Kc7
40. Qg7+ Rd7 41. Qh8 Bc6 42. Rb1 Qd2+ 43. Kh3 Re7 44. Rb8 Qd7+ 45. Kg2 e4 46.
Rb2 exf3+ 47. Kf2 Re8 48. Qc3 Kc8 49. Qc4 Re4 50. Qxa6+ Bb7 51. Qxa7 Qd4+ 52.
Qxd4 Rxd4 53. a5 Ra4 54. Rd2 Rxa5 55. g4 Re5 56. h4 Bd5 57. g5 Kd7 58. Kg3 Ke6
59. Rb2 Re2 60. Rb6+ Ke5 61. Rf6 Rg2+ 62. Kh3 Be6+ 0-1

[Event "?"]
[Site "?"]
[Date "2004.03.22"]
[Round "2.20"]
[White "Lomineishvili, M."]
[Black "Melnikova, Y."]
[Result "1-0"]
[WhiteElo "2397"]
[BlackElo "2171"]
[PlyCount "95"]
[EventDate "2004.??.??"]

1. d4 d5 2. c4 e6 3. Nc3 c6 4. Nf3 dxc4 5. a4 Bb4 6. e3 b5 7. Bd2 a5 8. axb5
Bxc3 9. Bxc3 cxb5 10. b3 Bb7 11. bxc4 b4 12. Bb2 Nf6 13. c5 O-O 14. Bb5 Bc6 15.
Ba4 Bxa4 16. Qxa4 Qd5 17. O-O Nc6 18. Rfd1 Ne4 19. Ne1 f5 20. Nd3 Qd7 21. f3
Nf6 22. Nf2 Nd5 23. Rd3 Rad8 24. Nh3 Nf6 25. Rdd1 Kh8 26. Qb3 Qe8 27. Re1 h6
28. Rad1 Ra8 29. Qa4 Ne7 30. Ra1 Qxa4 31. Rxa4 Rfd8 32. Nf4 Ra6 33. Rea1 Rda8
34. Nd3 Nc6 35. Kf2 Kg8 36. Ke2 Kf7 37. Kd2 R6a7 38. Kc2 Rb8 39. Kb3 g5 40. Re1
Rd7 41. Kc4 Ke7 42. e4 fxe4 43. fxe4 Kf7 44. Rf1 Kg6 45. Rxf6+ Kxf6 46. d5+ Ke7
47. dxc6 Ra7 48. Be5 1-0

[Event "?"]
[Site "?"]
[Date "2004.03.22"]
[Round "2.21"]
[White "Mkrtchian, L."]
[Black "Czaeczine, A."]
[Result "1-0"]
[WhiteElo "2395"]
[BlackElo "2153"]
[PlyCount "67"]
[EventDate "2004.??.??"]

1. e4 c5 2. Nf3 d6 3. d4 cxd4 4. Nxd4 Nf6 5. Nc3 a6 6. Rg1 e6 7. g4 Nfd7 8. Be3
b5 9. Qd2 Bb7 10. a3 Nb6 11. g5 N8d7 12. h4 Ne5 13. b3 Rc8 14. f4 Ned7 15. f5
Qc7 16. fxe6 Qxc3 17. exd7+ Nxd7 18. Qxc3 Rxc3 19. Kd2 Rc7 20. b4 Bxe4 21. a4
bxa4 22. Rxa4 Be7 23. Bxa6 O-O 24. Bd3 Bxd3 25. cxd3 Rfc8 26. Rga1 d5 27. b5
Bc5 28. Nc6 f6 29. Ra8 Bxe3+ 30. Kxe3 Kf7 31. Rxc8 Rxc8 32. Ra7 Ke6 33. Nd4+
Ke5 34. Rxd7 1-0

[Event "?"]
[Site "?"]
[Date "2004.03.22"]
[Round "2.24"]
[White "Pogonina, N."]
[Black "Shmirina, G."]
[Result "1-0"]
[WhiteElo "2382"]
[BlackElo "2120"]
[PlyCount "109"]
[EventDate "2004.??.??"]

1. e4 e6 2. d4 d5 3. Nd2 Nf6 4. e5 Nfd7 5. Bd3 c5 6. c3 Nc6 7. Ne2 cxd4 8. cxd4
f6 9. exf6 Nxf6 10. O-O Bd6 11. Nf3 Qc7 12. Bg5 O-O 13. Bh4 Nh5 14. Qc2 h6 15.
Bh7+ Kh8 16. Bg6 Rxf3 17. Bxh5 Rf8 18. Bg3 Bxg3 19. hxg3 Qb6 20. Rad1 Bd7 21.
Qd2 Qb4 22. Nf4 Qxd2 23. Rxd2 Rf6 24. Bg4 g5 25. Nxd5 exd5 26. Bxd7 Raf8 27.
Re1 R8f7 28. Re8+ Kh7 29. Bg4 Re7 30. Rxe7+ Nxe7 31. Rc2 Rc6 32. Re2 Rc1+ 33.
Kh2 Nc6 34. Bf3 Nxd4 35. Re7+ Kg6 36. Bxd5 Rf1 37. f3 b6 38. Rxa7 Rf2 39. b3
Kf6 40. Be4 Nf5 41. Bxf5 Kxf5 42. Ra6 h5 43. a4 g4 44. fxg4+ hxg4 45. Rxb6 Rf1
46. a5 Ra1 47. b4 Ke5 48. a6 Ke4 49. b5 Ke3 50. Rb7 Kf2 51. Rf7+ Ke2 52. a7 Ra5
53. b6 Rh5+ 54. Kg1 Ra5 55. Rf8 1-0

[Event "?"]
[Site "?"]
[Date "2004.03.22"]
[Round "2.26"]
[White "Vogel, H."]
[Black "Houska, J."]
[Result "0-1"]
[WhiteElo "2152"]
[BlackElo "2370"]
[PlyCount "100"]
[EventDate "2004.??.??"]

1. d4 d5 2. Nf3 Nf6 3. Bf4 Bf5 4. Nh4 Be4 5. f3 Bg6 6. c4 Bxb1 7. Rxb1 e6 8. g3
dxc4 9. e4 Bb4+ 10. Kf2 Nc6 11. Be3 Ba5 12. Bxc4 Bb6 13. Bb5 O-O 14. Bxc6 bxc6
15. Qa4 g5 16. Ng2 g4 17. Rbd1 gxf3 18. Kxf3 Qd7 19. Nh4 Rad8 20. Qc2 Ne8 21.
Rhf1 Ng7 22. Kg2 f5 23. exf5 Qd5+ 24. Kg1 Nxf5 25. Nxf5 exf5 26. Rd2 Rd6 27. b3
Re6 28. Qd3 Rfe8 29. Bf2 Kh8 30. Qc3 Ba5 31. b4 Bb6 32. a3 a5 33. Rdd1 axb4 34.
axb4 Re2 35. Rde1 R8e4 36. Rxe2 Rxe2 37. Qd3 Qe4 38. Qc4 Kg7 39. Qc1 Kg6 40. h4
h6 41. Qc4 Kg7 42. b5 Rxf2 43. Rxf2 Bxd4 44. Qa2 cxb5 45. Kf1 Qh1+ 46. Ke2 Bxf2
47. Qb2+ Kg6 48. Qh8 Qe1+ 49. Kd3 Qd1+ 50. Kc3 Qa1+ 0-1

[Event "?"]
[Site "?"]
[Date "2004.03.22"]
[Round "2.27"]
[White "Djingarova, E."]
[Black "Schulz, S."]
[Result "1-0"]
[WhiteElo "2344"]
[BlackElo "2079"]
[PlyCount "107"]
[EventDate "2004.??.??"]

1. e4 c5 2. Nf3 Nc6 3. Bb5 g6 4. O-O Bg7 5. c3 Nf6 6. Re1 O-O 7. h3 a6 8. Bxc6
dxc6 9. d4 cxd4 10. cxd4 Qc7 11. Nc3 Rd8 12. Qe2 h6 13. Be3 b6 14. Rac1 Bb7 15.
Qd2 Kh7 16. Bf4 Qc8 17. Na4 Nd7 18. Qe3 b5 19. Nc5 Nxc5 20. Rxc5 Qe6 21. b3 Rd7
22. Be5 f6 23. Bg3 Rad8 24. Qc1 Bf8 25. Bf4 Bg7 26. Bd2 Qf7 27. Ba5 Rf8 28. Qc2
e6 29. Bb4 Re8 30. Rc3 e5 31. dxe5 fxe5 32. Bc5 Qe6 33. Nh2 Red8 34. Be3 Bf8
35. Bb6 Rd2 36. Bxd8 Rxc2 37. Rxc2 c5 38. Ng4 h5 39. Nf6+ Kg7 40. Rd2 Bc6 41.
Red1 Be7 42. Bxe7 Qxe7 43. Nd5 Qe6 44. Rc2 Qd6 45. Ne3 Qf8 46. Rdc1 Bxe4 47.
Rxc5 Qd6 48. a4 Bd3 49. Rd5 Qa3 50. Rc7+ Kh6 51. Rxd3 bxa4 52. h4 Qa1+ 53. Kh2
e4 54. Nf5+ 1-0

[Event "?"]
[Site "?"]
[Date "2004.03.22"]
[Round "2.28"]
[White "Zaiatz, E."]
[Black "Cinar, N."]
[Result "1-0"]
[WhiteElo "2333"]
[BlackElo "2092"]
[PlyCount "93"]
[EventDate "2004.??.??"]

1. d4 Nf6 2. c4 c5 3. d5 b5 4. cxb5 a6 5. bxa6 g6 6. Nc3 Bxa6 7. g3 d6 8. Bg2
Bg7 9. Nf3 Nbd7 10. Rb1 O-O 11. O-O Qa5 12. Bd2 Rfb8 13. Qc2 Qc7 14. b3 Nb6 15.
Nh4 Bb7 16. e4 Ba6 17. Rfd1 Qc8 18. h3 Ra7 19. a4 Ne8 20. Nf3 Nd7 21. Rdc1 Ne5
22. Nxe5 Bxe5 23. Na2 Qd7 24. b4 cxb4 25. Nxb4 Rc8 26. Nc6 Raa8 27. Rb6 Bd4 28.
Rb3 Bb7 29. a5 Bc5 30. e5 Bxc6 31. dxc6 Qe6 32. exd6 Bxd6 33. Re1 Qf6 34. Qc4
Nc7 35. Bc3 Qg5 36. Qd4 f6 37. Qd3 Re8 38. h4 Qc5 39. Bb4 Qa7 40. Bxd6 exd6 41.
Rxe8+ Rxe8 42. Qc3 Re2 43. Qxf6 Qxa5 44. Rb8+ Ne8 45. c7 Qe1+ 46. Kh2 Rxf2 47.
Qxf2 1-0

[Event "?"]
[Site "?"]
[Date "2004.03.22"]
[Round "2.29"]
[White "Shaidullina, S."]
[Black "Bayrak, A."]
[Result "1-0"]
[WhiteElo "2316"]
[BlackElo "1898"]
[PlyCount "85"]
[EventDate "2004.??.??"]

1. d4 d5 2. Nf3 Nf6 3. c4 c6 4. Nc3 dxc4 5. a4 Bf5 6. Nh4 Bg6 7. Nxg6 hxg6 8.
e3 e6 9. Bxc4 Be7 10. Qb3 Qb6 11. Qc2 Na6 12. a5 Nb4 13. Qe2 Qc7 14. h3 a6 15.
Ra4 c5 16. dxc5 Qxc5 17. O-O Rc8 18. Bb3 g5 19. Na2 Nc6 20. Bd2 g4 21. Rc4 Qh5
22. Rfc1 gxh3 23. Qxh5 Rxh5 24. Ba4 h2+ 25. Kh1 Kd7 26. Nb4 Bxb4 27. Bxb4 Nd5
28. Bd2 Nde7 29. e4 e5 30. b4 Ke6 31. b5 axb5 32. Bxb5 Rd8 33. Be1 Nd4 34. Ba4
Ne2 35. Rb1 Rb8 36. a6 b5 37. Bxb5 Ra8 38. Rc7 Nd4 39. Bc4+ Kf6 40. Rb6+ Ne6
41. Bd5 Nxd5 42. exd5 Kf5 43. Rxf7+ 1-0

[Event "?"]
[Site "?"]
[Date "2004.03.22"]
[Round "2.30"]
[White "Smokina, K."]
[Black "Von Herman, B."]
[Result "1-0"]
[WhiteElo "2278"]
[BlackElo "2066"]
[PlyCount "97"]
[EventDate "2004.??.??"]

1. c4 e6 2. Nf3 d5 3. e3 Nf6 4. Nc3 Be7 5. b3 O-O 6. Bb2 Nbd7 7. Qc2 c6 8. Be2
Re8 9. h3 a6 10. a4 Bd6 11. g4 Nf8 12. g5 N6d7 13. h4 dxc4 14. bxc4 Ne5 15. Ne4
Nxf3+ 16. Bxf3 e5 17. Nxd6 Qxd6 18. Be4 Be6 19. Ba3 c5 20. Bxb7 Rab8 21. Be4
Red8 22. d3 Qc7 23. Ke2 Bg4+ 24. f3 Bd7 25. Bb2 Rb6 26. a5 Rbb8 27. Bc3 f6 28.
gxf6 gxf6 29. Rab1 Be6 30. Rhg1+ Kh8 31. Rxb8 Rxb8 32. f4 Nd7 33. f5 Bf7 34.
Bf3 Rg8 35. Rxg8+ Kxg8 36. Qb1 Kf8 37. Qb7 Qxb7 38. Bxb7 Nb8 39. Kd2 Ke7 40.
Bb2 Kd6 41. Ba3 Kc7 42. Bd5 Bxd5 43. cxd5 e4 44. Bxc5 exd3 45. Kxd3 Nd7 46. Bd4
Kd6 47. e4 Ke7 48. Ke3 h5 49. Kf4 1-0

[Event "?"]
[Site "?"]
[Date "2004.03.22"]
[Round "2.31"]
[White "Zielinska, M."]
[Black "Shmirina, E."]
[Result "1-0"]
[WhiteElo "2414"]
[BlackElo "2135"]
[PlyCount "96"]
[EventDate "2004.??.??"]

1. e4 e6 2. d3 d5 3. Qe2 Be7 4. Nf3 Nf6 5. g3 b6 6. e5 Nfd7 7. Bg2 c5 8. O-O
Bb7 9. c4 d4 10. Re1 Nc6 11. h4 Qc7 12. Na3 a6 13. Nc2 O-O-O 14. Bd2 h6 15. h5
g6 16. hxg6 fxg6 17. Bh3 Nf8 18. a3 g5 19. b4 Rg8 20. Bg2 Na7 21. bxc5 bxc5 22.
Reb1 Bc6 23. Qe1 g4 24. Ba5 Qd7 25. Nd2 Bxg2 26. Kxg2 Qc6+ 27. Qe4 Nd7 28. Bxd8
Bxd8 29. Rh1 Ba5 30. Qxc6+ Nxc6 31. Ne4 Rg6 32. Rh5 Bc7 33. Rah1 Ncxe5 34. Ne1
Kd8 35. Kf1 Ba5 36. Ke2 Bxe1 37. Rxe1 Nf3 38. Reh1 Nf6 39. Nxf6 Rxf6 40. Rxh6
Rf7 41. Rxe6 Ng5 42. Rh8+ Kc7 43. Rxa6 Kb7 44. Rg6 Re7+ 45. Kf1 Nf3 46. Rxg4
Ka7 47. Rf4 Nd2+ 48. Kg2 Nb3 1-0

[Event "?"]
[Site "?"]
[Date "2004.03.22"]
[Round "2.32"]
[White "Karahaliou, E."]
[Black "Slavina, I."]
[Result "0-1"]
[WhiteElo "2132"]
[BlackElo "2413"]
[PlyCount "60"]
[EventDate "2004.??.??"]

1. e4 c5 2. Nf3 e6 3. c3 Qa5 4. Bd3 Nc6 5. O-O Qc7 6. Re1 Nf6 7. Bc2 c4 8. d3
cxd3 9. Qxd3 Bc5 10. h3 e5 11. Nbd2 O-O 12. a4 Nh5 13. Nc4 Be7 14. b4 d6 15.
Ne3 Nf4 16. Qd2 Be6 17. Rd1 Rac8 18. Ba3 Nb8 19. b5 Rfd8 20. Bb4 a5 21. bxa6
Nxa6 22. Rab1 Nxb4 23. cxb4 d5 24. exd5 Nxd5 25. Nxd5 Rxd5 26. Bd3 e4 27. Rbc1
Qd8 28. Rxc8 Qxc8 29. Rc1 Qd8 30. Qb2 Rxd3 0-1

[Event "?"]
[Site "?"]
[Date "2004.03.22"]
[Round "2.33"]
[White "Foisor, C."]
[Black "Bashkite, V."]
[Result "1/2-1/2"]
[WhiteElo "2404"]
[BlackElo "2119"]
[PlyCount "117"]
[EventDate "2004.??.??"]

1. Nf3 c5 2. g3 Nc6 3. c4 g6 4. Bg2 Bg7 5. Nc3 d6 6. a3 Be6 7. d3 h6 8. Bd2 Qd7
9. h3 Rb8 10. Rb1 a6 11. a4 Nf6 12. e4 Nb4 13. Be3 O-O 14. g4 Ne8 15. Nd5 Bxd5
16. exd5 f5 17. gxf5 Qxf5 18. O-O Qxd3 19. b3 g5 20. Nh2 Qg6 21. Qg4 Nf6 22.
Qe6+ Qf7 23. Ng4 Qxe6 24. dxe6 Nxg4 25. hxg4 Nd3 26. Be4 Nf4 27. Bxf4 Rxf4 28.
f3 a5 29. Kg2 Bd4 30. Rh1 Kg7 31. Rh3 Rf6 32. Bf5 Be5 33. Kf2 Bf4 34. Ke2 Rd8
35. Kd3 Rc8 36. Re1 Rc6 37. Rhh1 Rb6 38. Kc2 Rb4 39. Re4 Rb6 40. Kc3 Be5+ 41.
Kc2 Bf4 42. Ree1 Rb4 43. Rb1 Be5 44. Rbd1 Rb6 45. Rd5 Bf4 46. Rb1 Rb4 47. Kd3
Rb6 48. Ke4 Rf8 49. Rdd1 Rb4 50. Rd3 Rc8 51. Rdd1 Rb8 52. Kd3 Rf8 53. Be4 Rf6
54. Bd5 Be5 55. Kc2 Rf4 56. Rh1 Rf6 57. Rbe1 Bf4 58. Re2 Rb6 59. Rh5 1/2-1/2

[Event "?"]
[Site "?"]
[Date "2004.03.22"]
[Round "2.35"]
[White "Lopatin, O."]
[Black "Makropoulou, M."]
[Result "0-1"]
[WhiteElo "2116"]
[BlackElo "2266"]
[PlyCount "120"]
[EventDate "2004.??.??"]

1. b4 e5 2. Bb2 Bxb4 3. Bxe5 Nf6 4. Nf3 O-O 5. a3 Ba5 6. e3 Nc6 7. Bb2 d5 8.
Be2 Ne4 9. O-O Ne7 10. d3 Nd6 11. Nbd2 c6 12. Nb3 Bc7 13. c4 Bg4 14. Ne5 Bxe2
15. Qxe2 dxc4 16. dxc4 Ng6 17. Nxg6 hxg6 18. Rad1 Qe7 19. Qg4 Rfd8 20. c5 Ne4
21. Bd4 Rd5 22. f4 Rad8 23. Rc1 Nf6 24. Qf3 Qe4 25. Rc4 Qd3 26. Rb4 Qa6 27. e4
R5d7 28. Rb1 b5 29. a4 bxa4 30. Ra1 a3 31. g3 a2 32. Qc3 Nxe4 33. Qc2 Nf6 34.
Rxa2 Qc8 35. Rxa7 Nd5 36. Rba4 Bb8 37. Rxd7 Qxd7 38. Bf2 Qg4 39. Qc1 Bxf4 40.
Rxf4 Nxf4 41. Qxf4 Qd1+ 42. Kg2 Qxb3 43. Qc7 Qd5+ 44. Kh3 Qd7+ 45. Qxd7 Rxd7
46. Kg4 Rd2 47. Kf3 f6 48. h4 Kf7 49. Be3 Ra2 50. Bf4 Ke6 51. Bd6 Ra3+ 52. Ke4
Ra4+ 53. Kf3 Rd4 54. Bc7 Rd5 55. Bb6 Ke5 56. Bc7+ Kd4 57. Bd6 Rxc5 58. Bf8 Rf5+
59. Kg4 c5 60. Bxg7 Ke5 0-1

[Event "?"]
[Site "?"]
[Date "2004.03.22"]
[Round "2.36"]
[White "Zakurdjaeva, I."]
[Black "Dimovski, A."]
[Result "1-0"]
[WhiteElo "2244"]
[BlackElo "2111"]
[PlyCount "51"]
[EventDate "2004.??.??"]

1. e4 e5 2. Nf3 Nc6 3. Bb5 f5 4. Nc3 Nf6 5. Qe2 fxe4 6. Nxe4 d5 7. Nxf6+ gxf6
8. d4 Bg7 9. dxe5 O-O 10. e6 Ne5 11. Bf4 c6 12. Nxe5 fxe5 13. Bxe5 Bxe5 14.
Qxe5 Re8 15. Qg3+ Kh8 16. Bd3 Rxe6+ 17. Kd2 Qf8 18. Qh4 Qf7 19. Rae1 Bd7 20.
Rxe6 Bxe6 21. Re1 Re8 22. Qd4+ Kg8 23. Re3 Qc7 24. Qf6 Qf7 25. Rg3+ Kf8 26.
Qh6+ 1-0

[Event "?"]
[Site "?"]
[Date "2004.03.22"]
[Round "2.37"]
[White "Skibbe, D."]
[Black "Richards, H."]
[Result "0-1"]
[WhiteElo "2094"]
[BlackElo "2236"]
[PlyCount "92"]
[EventDate "2004.??.??"]

1. e4 e6 2. d4 d5 3. Nc3 Bb4 4. e5 c5 5. a3 Bxc3+ 6. bxc3 Qa5 7. Bd2 Qa4 8.
dxc5 Nd7 9. Nf3 Nxc5 10. Nd4 Bd7 11. g3 Ne7 12. f4 Nf5 13. Nxf5 Qe4+ 14. Qe2
Qxf5 15. Bg2 Qxc2 16. O-O Nb3 17. Rad1 Rc8 18. f5 Nxd2 19. Rxd2 Qxc3 20. Kh1
Qc5 21. f6 g6 22. Rb1 Rc7 23. a4 O-O 24. Qf1 Qe3 25. Re2 Qg5 26. Qd1 Rfc8 27.
Re1 Rc2 28. a5 b5 29. Qd4 R8c5 30. Qg1 a6 31. Bf3 Bc6 32. Rbd1 b4 33. Re2 Rxe2
34. Qxc5 Qe3 35. Qxe3 Rxe3 36. Kg2 Rc3 37. Rd4 b3 38. Rb4 h5 39. Bd1 d4+ 40.
Kh3 Bd5 41. Kh4 Kh7 42. Kg5 Re3 43. Rxd4 b2 44. Bc2 Rxe5+ 45. Kf4 Re2 46. Bd3
e5+ 0-1

[Event "?"]
[Site "?"]
[Date "2004.03.22"]
[Round "2.38"]
[White "Sharevich, A."]
[Black "Fuchs, A."]
[Result "1/2-1/2"]
[WhiteElo "2236"]
[BlackElo "2099"]
[PlyCount "47"]
[EventDate "2004.??.??"]

1. d4 Nf6 2. g3 g6 3. Bg2 Bg7 4. e4 O-O 5. Nc3 d6 6. Nge2 c5 7. d5 Nbd7 8. O-O
Rb8 9. a4 b6 10. h3 a6 11. Rb1 b5 12. axb5 axb5 13. b4 Ba6 14. Be3 Qc8 15. f4
Re8 16. Bf2 Nh5 17. Na2 Nb6 18. g4 Nf6 19. e5 Nfd7 20. bxc5 dxc5 21. Nac3 b4
22. Na2 Bc4 23. Nac1 Rd8 24. d6 1/2-1/2

[Event "?"]
[Site "?"]
[Date "2004.03.22"]
[Round "2.39"]
[White "Bakalarz, G."]
[Black "Partac, E."]
[Result "1-0"]
[WhiteElo "2082"]
[BlackElo "2230"]
[PlyCount "139"]
[EventDate "2004.??.??"]

1. d4 Nf6 2. Nf3 e6 3. Bg5 c5 4. c3 Be7 5. Nbd2 b6 6. e4 cxd4 7. cxd4 Bb7 8.
Bd3 Nc6 9. Rc1 h6 10. Bxf6 Bxf6 11. e5 Be7 12. a3 Rc8 13. O-O d6 14. Ne4 dxe5
15. dxe5 O-O 16. Qe2 Nd4 17. Nxd4 Qxd4 18. Ng3 Bg5 19. Rcd1 Qc5 20. b4 Qc3 21.
f4 Be7 22. Ba6 Bxa6 23. Qxa6 Qe3+ 24. Kh1 Rc3 25. Rf3 Rxa3 26. Qxa3 Qxa3 27.
Rxa3 a5 28. Rb3 Bxb4 29. Ne4 Rc8 30. g3 Rc4 31. Nd6 Rc2 32. Nb5 Bc5 33. Nc3 Bb4
34. Na4 b5 35. Nb2 Bc3 36. Rd8+ Kh7 37. Nd1 Bb4 38. Rb8 Rc1 39. Rd3 a4 40. Rxb5
a3 41. Rxb4 a2 42. Ra4 a1=Q 43. Rxa1 Rxa1 44. Kg2 h5 45. Rd7 Kg6 46. Nc3 Ra3
47. Nb5 Ra5 48. Nd4 Ra2+ 49. Kh3 Rd2 50. Rd6 Kh7 51. Nf3 Re2 52. Ng5+ Kg6 53.
Rc6 Re3 54. Rc7 f6 55. Nxe6 fxe5 56. fxe5 Rxe5 57. Nxg7 Kh6 58. Kg2 Re2+ 59.
Kg1 Kg6 60. h3 Re5 61. Kf2 Kg5 62. Kf3 Kg6 63. g4 hxg4+ 64. hxg4 Ra5 65. Nh5
Kg5 66. Rc3 Rb5 67. Ng3 Rb1 68. Ne4+ Kh4 69. Rc4 Rf1+ 70. Nf2 1-0